000 00420nam a2200097Ia 4500
008 180130s9999 xx 000 0 und d
245 _cGaddah, Abdulbaset; Kunz, Thomas
_aExtending mobility to publish/subscribe systems using a-proactive caching approach
260 _c2016
300 _aBook title: Mobile telecommunications technology--Acession number C20743; pages 1 - 31
650 _aMOBILE TELECOMMUNICATIONS TECHNOLOGY
999 _c354003
_d354003